| 000 | 00393nam a2200169Ia 4500 | ||
|---|---|---|---|
| 008 | 210210b1960 xxu||||| |||| 00| 0 eng d | ||
| 041 | _aeng | ||
| 082 | _a331/95 | ||
| 100 | _aHARROD (R F) | ||
| 245 | _aPolicy against inflation | ||
| 260 |
_aLondon _bMacmillan & Co. Ltd. _c1960 |
||
| 650 | _aPolicy | ||
| 650 | _ainflation | ||
| 650 | _aagainst | ||
| 690 | _aBanking | ||
| 906 | _a003997 | ||
| 999 |
_c122229 _d122229 |
||